01366nam a2200337Ia 4500001001200000003000800012006001900020007001500039008004100054020002600095020001800121020002300139020002500162020002200187040002100209035002100230050002600251100002000277245015200297260003400449300001100483504005100494533015200545650003100697651005800728651005300786655002900839710001700868856012600885999001701011ebr10578980CaPaEBRm u cr cn|||||||||120315s2012 enk sb 001 0 eng d z9780745331430 (Cloth) z9781849646376 z0745331432 (Cloth) z9780745331478 (pbk.) z0745331475 (pbk.) aCaPaEBRcCaPaEBR a(OCoLC)80834642014aDA990.U46bP85 2012eb1 aPunch, Maurice.10aState violence, collusion and the Troublesh[electronic resource] :bcounter insurgency, Government deviance and Northern Ireland /cMaurice Punch. aLondon :bPluto Press,c2012. a256 p. aIncludes bibliographical references and index. aElectronic reproduction.bPalo Alto, Calif. :cebrary,d2011.nAvailable via World Wide Web.nAccess may be limited to ebrary affiliated libraries. 0aState-sponsored terrorism. 0aNorthern IrelandxPolitics and governmenty1969-1994. 0aNorthern IrelandxPolitics and governmenty1994- 7aElectronic books.2local2 aebrary, Inc.40uhttp://site.ebrary.com/lib/rucke/Doc?id=10578980zAn electronic book accessible through the World Wide Web; click to view c85572d85572